00449nam a2200181Ia 4500008004100000020001800041050001400059100002200073245003000095245004300125260001500168260001600183260000900199300001400208300002700222300001000249500000800259170918s9999 xx 000 0 und d a9780590438896 bM379 1989 aMartin, Bill, Jr. aChicka chicka boom boom / cBill Martin, Jr. and John Arcgambault. aNew York : bScholastic, c1989 aunpaged : bcolored illustration ; c28cm. a530